North America click map - Statistics

General Stats
  • This quiz has been taken 40 times
  • The average score is 16 of 23
Answers on the Map
Answers color-coded by a green-red scale on the quiz's map according to % correct below.
 
Answer Stats
Answer % Correct
Mexico
92%
Canada
88%
Cuba
88%
Usa
88%
Jamaica
80%
Panama
80%
Bahamas
72%
Belize
72%
Dominican Republic
72%
Guatemala
72%
Saint lucia
72%
Barbados
68%
El salvador
64%
Nicaragua
64%
Haiti
60%
Honduras
60%
Antigua and barbuda
56%
Costa rica
56%
Trinidad and tobago
56%
Dominica
52%
Saint Kitts and Nevis
52%
Grenada
48%
Saint Vincent and the grenadines
48%
No matching quizzes found
Score Distribution
Percent of People with Each Score
Percentile by Number Answered
Your Score History
You have not taken this quiz